000 00732nam a2200217 a 4500
001 85911
003 BD-RjUL
005 20251103120406.0
008 251103s1972 ii ||||| |||| 00| 0 ben d
035 _a(BD-RjUL)85911
040 _aBD-RjUL
_beng
_cBD-RjUL
041 _aben
082 _223
_a491.44
_bHAB 1972
100 _aহালদার, গোপাল
_917275
245 _aবাঙালির ভাষা বাঙালির আশা /
_cগোপাল হালদার
260 _aকলিকাতা :
_bগ্রন্থায়তন,
_c১৯৭২
300 _a১৫০ পৃ.;
_c২২ সেমি.
650 _aবাংলা ভাষা
650 _aBengali language
942 _2ddc
_cBK
999 _c85911
_d85911